Revista de administración pública
ISBN:
0034-7639
Descripción Física:
periodicitat quadrimestral ; 24 cm
MARC
| LEADER | 00000nas a2200000 a 4500 | ||
|---|---|---|---|
| 003 | AGDB | ||
| 005 | 20260324181048.0 | ||
| 008 | 160829s1950- xx 000 0 cat d | ||
| 008 | 160829s9999 xx 000 0 cat d | ||
| 020 | |a 0034-7639 | ||
| 040 | |a agdb | ||
| 080 | |a Revistes | ||
| 245 | |a Revista de administración pública | ||
| 260 | |a Madrid : |b Centro de Estudios Políticos y Constitucionales, |c 1950- | ||
| 300 | |b periodicitat quadrimestral ; |c 24 cm | ||
| 310 | |a Quadrimestral | ||
| 362 | |a Vol. 1, no. 1 (ene./abr. 1950)- | ||
| 500 | |a Periodicitat quadrimestral | ||
| 500 | |a Es troba disponible a Internet des de l'any 1950 (núm. 1) fins l'any 2003 (núm. 162) a: http://www.cepc.es/rap/Revistas.aspx | ||
| 500 | |a El nom de l'editor varia: Instituto de Estudios Políticos (1950-1976), Centro de Estudios Constitucionales (1977-1996); Centro de Estudios Políticos y Constitucionales (1997-) | ||
| 504 | |a Notes. Bibliografia | ||
| 650 | |a Administració pública |x Espanya |x Revistes |9 39666 | ||
| 650 | |a Dret administratiu |x Espanya |x Revistes |9 28382 | ||
| 655 | 0 | |9 55823 |a Revistes | |
| 710 | 2 | |a Centro de Estudios Políticos y Constitucionales (Espanya) |e entitat editora |9 54516 | |
| 710 | 2 | |a Centro de Estudios Constitucionales (Espanya) |e entitat editora |9 54517 | |
| 710 | 2 | |a Instituto de Estudios Políticos (Madrid) |e entitat editora |9 54518 | |
| 856 | |z Accés lliure |u http://www.cepc.gob.es/publicaciones/revistas/revistaselectronicas?IDR=1 | ||
| 866 | |a 2004 (163, 164, 165) | ||
| 866 | |a 2005 (166, 167, 168) | ||
| 866 | |a 2006 (169, 170, 171) | ||
| 866 | |a 2007 (172, 173, 174) | ||
| 901 | |a Arxiu | ||
| 942 | |n 1 |2 udc |c REV | ||
| 952 | |0 0 |1 0 |4 0 |7 1 |9 48992 |a Arxiu |b Arxiu |d 2023-06-14 |h Núm. 163 (enero/abril 2004) |o Rev-487 |p 26934 |r 2016-12-01 00:00:00 |w 2016-12-01 |y ARXIU | ||
| 952 | |0 0 |1 0 |4 0 |7 1 |9 64156 |a Arxiu |b Arxiu |d 2022-11-08 |h Núm. 164 (mayo/agosto 2004) |o Rev-488 |p 26935 |r 2022-11-08 00:00:00 |w 2022-11-08 |y ARXIU | ||
| 952 | |0 0 |1 0 |4 0 |7 1 |9 64157 |a Arxiu |b Arxiu |d 2022-11-08 |h Núm. 165 (septiembre/diciembre 2004) |o Rev-489 |p 26936 |r 2022-11-08 00:00:00 |w 2022-11-08 |y ARXIU | ||
| 952 | |0 0 |1 0 |4 0 |7 1 |9 64158 |a Arxiu |b Arxiu |d 2022-11-08 |h Núm. 166 (enero/abril 2005) |o Rev-490 |p 26937 |r 2022-11-08 00:00:00 |w 2022-11-08 |y ARXIU | ||
| 952 | |0 0 |1 0 |4 0 |7 1 |9 64159 |a Arxiu |b Arxiu |d 2022-11-08 |h Núm. 167 (mayo/agosto 2005) |o Rev-491 |p 26938 |r 2022-11-08 00:00:00 |w 2022-11-08 |y ARXIU | ||
| 952 | |0 0 |1 0 |4 0 |7 1 |9 64160 |a Arxiu |b Arxiu |d 2022-11-08 |h Núm. 168 (septiembre/diciembre 2004) |o Rev-492 |p 26939 |r 2022-11-08 00:00:00 |w 2022-11-08 |y ARXIU | ||
| 952 | |0 0 |1 0 |4 0 |7 1 |9 64161 |a Arxiu |b Arxiu |d 2022-11-08 |h Núm. 169 (enero/abril 2006) |o Rev-493 |p 26940 |r 2022-11-08 00:00:00 |w 2022-11-08 |y ARXIU | ||
| 952 | |0 0 |1 0 |4 0 |7 1 |9 64162 |a Arxiu |b Arxiu |d 2022-11-08 |h Núm. 170 (mayo/agosto 2006) |o Rev-494 |p 26941 |r 2022-11-08 00:00:00 |w 2022-11-08 |y ARXIU | ||
| 952 | |0 0 |1 0 |4 0 |7 1 |9 64163 |a Arxiu |b Arxiu |d 2022-11-08 |h Núm. 171 (septiembre/diciembre 2006) |o Rev-495 |p 26942 |r 2022-11-08 00:00:00 |w 2022-11-08 |y ARXIU | ||
| 952 | |0 0 |1 0 |4 0 |7 1 |9 64164 |a Arxiu |b Arxiu |d 2022-11-08 |h Núm. 172 (enero/abril 2007) |o Rev-496 |p 26943 |r 2022-11-08 00:00:00 |w 2022-11-08 |y ARXIU | ||
| 952 | |0 0 |1 0 |4 0 |7 1 |9 64165 |a Arxiu |b Arxiu |d 2022-11-08 |h Núm. 173 (mayo/agosto 2007) |o Rev-497 |p 26944 |r 2022-11-08 00:00:00 |w 2022-11-08 |y ARXIU | ||
| 952 | |0 0 |1 0 |4 0 |7 1 |9 64166 |a Arxiu |b Arxiu |d 2022-11-08 |h Núm. 174 (septiembre/diciembre 2007) |o Rev-498 |p 26945 |r 2022-11-08 00:00:00 |w 2022-11-08 |y ARXIU | ||
| 999 | |c 52827 |d 52827 | ||